[Event "Guaira op 1st"]
[Site "Guaira"]
[Date "2015.10.03"]
[Round "3"]
[White "Calixto, Roberto Carlos"]
[Black "Alves Degrande, Pedro Henrique"]
[Result "1/2-1/2"]
[WhiteElo "1830"]
[BlackElo "1616"]
[PlyCount "118"]
[EventDate "2015.10.03"]
[EventType "swiss"]
[EventRounds "5"]
[EventCountry "BRA"]
[SourceTitle "CBM 168 Extra"]
[Source "ChessBase"]
[SourceDate "2015.10.29"]
[SourceVersion "1"]
[SourceVersionDate "2015.10.29"]
[SourceQuality "1"]

1. e4 c5 2. Nf3 Nc6 3. d4 cxd4 4. Nxd4 g6 5. Nc3 Bg7 6. Be3 e6 7. Ndb5 Be5 8. Nd6+ Bxd6 9. Qxd6 Nge7 10. Bh6 Qb6 11. Nb5 Kd8 12. Be3 Qa5+ 13. Bd2 Qb6 14. c4 Nb8 15. Qe5 Rg8 16. c5 Qc6 17. Nd6 b6 18. cxb6 axb6 19. Rc1 Rxa2 20. Rxc6 Nbxc6 21. Qb5 Ra1+ 22. Ke2 Ba6 23. Qxa6 Rxa6 24. Be3 Kc7 25. Nxf7 Ra2 26. Bf4+ Kb7 27. Nd6+ Ka8 28. Bc1 Rf8 29. f3 Nc8 30. Nb5 Kb7 31. Kd2 Ra8 32. Be2 Rd8 33. Kc3 d5 34. Rd1 Nd6 35. Bg5 Nxb5+ 36. Bxb5 Rf8 37. Kd2 Ra2 38. Rb1 dxe4 39. fxe4 Rd8+ 40. Kc3 Raa8 41. Rf1 Rf8 42. Rd1 Rad8 43. Rc1 Na7 44. Bc4 Rc8 45. Kb3 b5 46. Bxe6 Rxc1 47. Bxc1 Ka6 48. Be3 Nc8 49. Bc5 Re8 50. Bd5 Nb6 51. Bxb6 Kxb6 52. Kc3 Rc8+ 53. Kd3 Kc7 54. e5 Kd7 55. b3 b4 56. Bc4 h6 57. Kd4 g5 58. Ke4 Rf8 59. Kd4 Rc8 1/2-1/2